00444nam a22001577a 450000500170000001000150001702000260003203500130005803700130007108200110008410000150009524500800011026000340019027000420022430000200026620140610123149.0 aENG-110149 a9788184301311c250.00 aEN-93681 bDBAD/PUB a355.02 aBali, V.K. aMilitary wisdom :cby V.K. Balibmilitary quotes on war, peace and valour / aNew DelhibOcean Books c2013 a4/19 Asaf Ali RoadbNew Delhie110002 a192p.c22cm(Hb)